Statistiken für Top 15 Länder mit Covid-19-Todesfällen - 5. März 2021

Klicken Sie hier um das Quiz zu spielen!

Allgemein

  • Dieses Quiz wurde 9 mal gespielt
  • Das Durchschnittsergebnis liegt bei 17 aus 24

Antwortstatistiken

Land% Korrekt
Brasilien
100%
Deutschland
100%
Indien
100%
Mexiko
100%
Peru
100%
Spanien
100%
Vereinigtes Königreich
100%
Vereinigte Staaten
100%
Argentinien
89%
Frankreich
89%
Italien
89%
Russland
89%
Iran
78%
Kolumbien
78%
Tschechien
78%
Belgien
67%
Portugal
56%
Ungarn
56%
Südafrika
44%
Kroatien
33%
Slowenien
33%
Bosnien und
Herzegowina
22%
Bulgarien
22%
Nordmazedonien
22%

Verteilung der Resultate

Perzentil nach korrekt beantworteten Fragen

Anzahl Personen mit jedem Resultat

Ihre Resultats-Entwicklung

Sie haben dieses Quiz noch nicht gespielt